Statistics for Age of Empires 2 DE Unique Items

Click here to take the quiz!

General Stats

  • This quiz has been taken 48 times
    (7 since last reset)
  • The average score is 90 of 158

Answer Stats

Answer% Correct
(Elite) Arambai
100%
(Elite) Ballista Elephant
100%
(Elite) Berserk
100%
(Elite) Boyar
100%
(Elite) Camel Archer
100%
(Elite) Cataphract
100%
(Elite) Centurion
100%
(Elite) Chu Ko Nu
100%
(Elite) Conquistador
100%
(Elite) Gbeto
100%
(Elite) Genitour
100%
(Elite) Genoese Crossbowman
100%
(Elite) Huskarl
100%
(Elite) Hussite Wagon
100%
(Elite) Jaguar Warrior
100%
(Elite) Janissary
100%
(Elite) Karambit Warrior
100%
(Elite) Kipchak
100%
(Elite) Leitis
100%
(Elite) Longboat
100%
(Elite) Longbowman
100%
(Elite) Magyar Huszar
100%
(Elite) Mameluke
100%
(Elite) Mangudai
100%
(Elite) Organ Gun
100%
(Elite) Plumed Archer
100%
(Elite) Rattan Archer
100%
(Elite) Samurai
100%
(Elite) Serjeant
100%
(Elite) Tarkan
100%
(Elite) Teutonic Knight
100%
(Elite) Throwing Axeman
100%
(Elite) Turtle Ship
100%
(Elite) War Elephant
100%
(Elite) War Wagon
100%
(Elite) Woad Raider
100%
Flaming Camel
100%
Imperial Skirmisher
100%
Legionary
100%
Missionary
100%
Slinger
100%
Anarchy
75%
Atheism
75%
Camel Scout
75%
Caravanserai
75%
Donjon
75%
(Elite) Caravel
75%
(Elite) Chakram Thrower
75%
(Elite) Composite Bowman
75%
(Elite) Coustillier
75%
(Elite) Ghulam
75%
(Elite) Kamayuk
75%
(Elite) Konnick
75%
(Elite) Monaspa
75%
(Elite) Shotel Warrior
75%
(Elite) Shrivamsha Rider
75%
Flemish Militia
75%
Flemish Revolution
75%
Houfnice
75%
Krepost
75%
Savar
75%
Warrior Priest
75%
Artillery
50%
Atlatl
50%
Bimaristan
50%
Burgundian Vineyards
50%
Chivalry
50%
Condottiero
50%
Corvinian Army
50%
Crenellations
50%
Cuman Mercenaries
50%
Double Crossbow
50%
Drill
50%
El Dorado
50%
(Elite) Keshik
50%
(Elite) Obuch
50%
(Elite) Ratha
50%
(Elite) Urumi Swordsman
50%
Feitoria
50%
First Crusade
50%
Folwark
50%
Forced Levy
50%
Garland Wars
50%
Great Wall
50%
Hill Forts
50%
Hussite Reforms
50%
Imperial Camel
50%
Inquisition
50%
Iron Clad
50%
Kataparuto
50%
Kshatriyas
50%
Medical Corps
50%
Nomads
50%
Perfusion
50%
Silk Armor
50%
Stirrups
50%
Supremacy
50%
Thirisadai
50%
Tower Shields
50%
Wagenburg Tactics
50%
War Wolf
50%
Yasama
50%
Andean Sling
25%
Arquebus
25%
Aznauri Cavalry
25%
Bagains
25%
Ballistas
25%
Bearded Axe
25%
Berserkergang
25%
Carrack
25%
Chatras
25%
Chieftains
25%
Citadels
25%
Counterweights
25%
Couriers
25%
Detinets
25%
Druzhina
25%
Eupseong
25%
Farimba
25%
Frontier Guards
25%
Furor Celtica
25%
Grand Trunk Road
25%
Greek Fire
25%
Hauberk
25%
Howdah
25%
Hul'che Javelineers
25%
Kamandaran
25%
Kasbah
25%
Lechitic Legacy
25%
Logistica
25%
Maghrabi Camels
25%
Mahayana
25%
Manipur Cavalry
25%
Marauders
25%
Paiks
25%
Paper Money
25%
Pavise
25%
Recurve Bow
25%
Rocketry
25%
Royal Heirs
25%
Shatagni
25%
Shinkichon
25%
Silk Road
25%
Sipahi
25%
Steppe Husbandry
25%
Stronghold
25%
Szlachta Privileges
25%
Thalassocracy
25%
Tigui
25%
Timurid Siegecraft
25%
Torsion Engines
25%
Tusk Swords
25%
Wootz Steel
25%
Yeomen
25%
Cilician Fleet
0%
Comitatenses
0%
Fereters
0%
Svan Towers
0%

Score Distribution

Percentile by Number Answered

Percent of People with Each Score

Your Score History

You have not taken this quiz since the last reset